[Event "81st Tata Steel Challengers 2019"]
[Site "Wijk aan Zee"]
[Date "2019.01.23"]
[Round "10"]
[White "Praggnanandhaa R"]
[Black "Chigaev, Maksim"]
[Result "0-1"]
[WhiteElo "2539"]
[BlackElo "2604"]
[Annotator "TA"]
[PlyCount "102"]
[EventDate "2019.01.12"]
[EventType "tourn"]
[EventCountry "NED"]
[SourceTitle "playchess.com"]
[Source "ChessBase"]
[SourceQuality "1"]

{[%evp 24,102,8,18,90,93,81,77,115,124,254,268,264,58,55,47,56,50,44,48,71,46,52,56,52,51,71,33,71,50,81,80,93,0,0,0,54,40,52,0,10,0,89,69,88,85,91,88,100,76,96,0,90,0,0,-8,-8,-8,-8,-8,-8,-8,-8,-8,-8,-8,-8,-29973,-29974,-29974,-29975,-29975,-29976,-29976,-29977,-29980,-29981,-29981,-29982,-29982,-29983]} 1. e4 c5 2. Nf3 e6 3. d4 cxd4 4. Nxd4 Nc6 5. Nc3 Qc7 6. f4 a6 7. Nxc6 bxc6 8. Bd3 d5 9. Qe2 Nf6 10. O-O Be7 {B46: Sicilian: Taimanov: 5 Nc3 a6} 11. Bd2 O-O 12. Rae1 Bb7 (12... Re8 13. Kh1 Bf8 14. e5 Nd7 15. Na4 g6 16. c4 Nc5 17. Nxc5 Bxc5 18. Rc1 {1-0 (44) Sutovsky,E (2673)-Pichot,A (2552) Caleta 2018}) 13. Kh1 {LiveBook: 6 Games} g6 (13... Nd7 $11) 14. exd5 $16 cxd5 {[#]} 15. f5 $1 {[%cal Rf5e6][%mdl 512] [#]} gxf5 $146 {[#]} (15... exf5 16. Qxe7) ({Predecessor:} 15... d4 16. fxe6 dxc3 17. Bxc3 Nd5 18. exf7+ Rxf7 19. Rxf7 Kxf7 {½-½ (75) Zagrebelny,S (2540)-Poluljahov,A (2527) Krasnodar 2003}) 16. Bxf5 $1 {[%mdl 512]} d4 {[#]} (16... exf5 $16 17. Qxe7 Qxe7 18. Rxe7 Bc8) 17. Bd3 $1 $18 Qc6 ({Don't play} 17... dxc3 $6 18. Bxc3 e5 19. Qxe5 $18) 18. Ne4 $2 (18. Rf3 $18) 18... Nxe4 $14 19. Bxe4 Qxe4 20. Qxe4 Bxe4 21. Rxe4 h5 22. Rxd4 (22. c4 {is interesting.} Rfd8 23. b3 a5 24. Re5 h4 25. a4) 22... Rfd8 23. Rxd8+ Rxd8 {[%mdl 4096] Endgame KRB-KRB} 24. Be3 f5 25. Kg1 Rc8 26. c3 Kf7 27. Rd1 e5 28. Rd5 (28. Rd7 $16) 28... Ke6 $11 29. Ra5 Rc6 (29... f4 $11 30. Bf2 (30. Rxa6+ Kf5 $16) 30... Rc6) 30. Kf1 Bd8 31. Rc5 Rd6 $1 32. Rc8 f4 (32... Kd7 $1 $11 33. Ra8 Rd1+ 34. Ke2 Rb1) 33. Bc5 $16 Rd7 34. Ke2 Kf5 35. Bf2 Be7 36. Ra8 h4 37. Rxa6 (37. h3 $16) 37... h3 (37... Bg5 $1 $11 {keeps the balance.}) 38. g3 ({White should play} 38. gxh3 $16 {aiming for a4.} Bg5 39. h4) 38... Bg5 $11 {Threatens to win with ...Rd2+!} 39. Ra5 Rd2+ 40. Kxd2 ({Avoid the trap} 40. Kf3 $2 Rd3+ 41. Ke2 fxg3 $19) 40... fxg3+ 41. Kd3 $1 gxh2 42. Rxe5+ $1 Kxe5 {KB-KB} 43. Bg3+ Bf4 44. Bxh2 $1 Bxh2 {KB-K3P} 45. Ke3 $2 {[%mdl 8192] [#]} (45. Ke2 $11) 45... Bg3 $1 {Black mates.} 46. Kf3 Be1 47. a4 Kd5 48. a5 Kc5 49. b3 Kb5 50. b4 Bh4 51. c4+ Ka6 {Precision: White = 56%, Black = 60%.} 0-1

[Event "81st Tata Steel Challengers 2019"]
[Site "Wijk aan Zee"]
[Date "2019.01.23"]
[Round "10"]
[White "Keymer, Vincent"]
[Black "Kovalev, Vladislav"]
[Result "0-1"]
[WhiteElo "2500"]
[BlackElo "2687"]
[Annotator "TA"]
[PlyCount "122"]
[EventDate "2019.01.12"]
[EventType "tourn"]
[EventCountry "NED"]
[SourceTitle "playchess.com"]
[Source "ChessBase"]
[SourceQuality "1"]

{[%evp 14,122,113,113,117,114,116,113,111,89,104,86,87,73,99,93,94,84,82,104,100,83,78,90,105,76,73,47,77,77,67,68,95,87,97,72,81,83,75,77,91,77,74,77,76,73,81,81,94,0,0,-24,-41,-29,-35,-25,-21,-31,-35,-112,-97,-116,-107,-116,-111,-132,-147,-151,-143,-218,-210,-210,-211,-211,-212,-416,-394,-663,-662,-662,-312,-662,-242,-215,0,-662,-662,-661,-659,-581,-619,-1000,-936,-983,-854,-955,-936,-854,-586,-941,-938,-935,-929,-931,-921,-909,-901,-871,-856,-957,-957]} 1. c4 g6 2. d4 Bg7 3. Nf3 d6 4. g3 e5 5. Nc3 {[%cal Bb1c3,Bc3b5,Bb5c7][%mdl 32]} Nc6 6. dxe5 dxe5 {A41: 1 d4 d6: Tartakower System and Modern Defence} 7. Qxd8+ Kxd8 8. Bg5+ {LiveBook: 11 Games} f6 {White is better.} (8... Nge7 9. O-O-O+ Bd7 10. Nd5 f5 11. Nf6 Bxf6 12. Bxf6 Rf8 13. Bxe5 Kc8 14. Bf4 {1-0 (31) Arkell,K (2436)-Fernandez,D (2461) Telford 2018}) 9. O-O-O+ Ke8 10. Nb5 Kf7 11. Nxc7 Rb8 12. Be3 Nh6 13. Nb5 $146 ({Predecessor:} 13. Bg2 Ng4 14. Bc5 {½-½ (68) Gregor,J (2269)-Kulhanek,T (2302) Czech Republic 2018}) 13... Nf5 14. Bc5 a6 15. Nd6+ Nxd6 16. Bxd6 (16. Rxd6 Bf8 $15) 16... Ra8 17. e3 Be6 18. Nd2 Rhd8 19. Bc5 f5 20. Be2 e4 21. Bb6 Rdc8 22. Kb1 Ne5 23. b3 a5 24. f3 a4 {Hoping for ...axb3.} 25. Bd4 $1 Nc6 26. Bxg7 Kxg7 27. fxe4 fxe4 28. Kb2 ({Much worse is} 28. Nxe4 axb3 29. axb3 Bf5 $15) 28... Nb4 29. Nxe4 a3+ 30. Ka1 Rf8 31. Nc5 (31. Rd2 $16) 31... Rae8 $11 32. Rd2 Rf2 {And now ...Bg4! would win.} 33. Ne4 ({Don't go for} 33. Nxb7 $2 Bg4 $1 $19 {[%mdl 512]}) 33... Rg2 {aiming for ...Bf5.} 34. Bf3 Rxd2 35. Nxd2 Rd8 36. Ne4 (36. Bd5 $1 $15) 36... Rd3 $1 $17 37. Nc5 Rxe3 {Threatens to win with ...Bc8.} 38. Nxe6+ Rxe6 {[%mdl 4096] Endgame KRB-KRN} 39. Kb1 (39. Bxb7 $2 Re2 $19) 39... Re3 $1 {[%cal Re3f3][%mdl 1024] Black has strong compensation.} 40. Rf1 ({But not} 40. Bxb7 $2 Re2) 40... b6 41. Bg4 (41. h3 $17) 41... h5 $1 $19 {[%cal Rh5g4]} 42. Bf3 {[#]} Kh6 $1 43. h3 {[#]} g5 $1 44. Ka1 $2 (44. Kc1 Nxa2+ 45. Kd2 Rxb3 46. Kc2 Rc3+ 47. Kd2) 44... Rc3 45. g4 $2 (45. Kb1 Rc2 46. Bd1 Rb2+ 47. Ka1) 45... Rc2 46. Be4 Rxa2+ 47. Kb1 Rb2+ $2 (47... Re2 48. Bf5 h4) 48. Ka1 Ra2+ $2 (48... Re2 49. Bb1 a2) 49. Kb1 Re2 {Black is clearly winning.} 50. Bf5 h4 51. Rd1 Kg7 52. Ka1 Ra2+ 53. Kb1 Rh2 54. Be4 Re2 55. Bf5 Kf6 56. Rd6+ Ke7 57. Rd7+ Ke8 {( -> ...Re1+)} 58. Rd1 Rh2 59. Re1+ Kd8 60. Rd1+ Kc7 61. Rd7+ Kc6 {Precision: White = 62%, Black = 81%.} 0-1

[Event "81st Tata Steel Challengers 2019"]
[Site "Wijk aan Zee"]
[Date "2019.01.23"]
[Round "10"]
[White "Paehtz, Elisabeth"]
[Black "Saduakassova, Dinara"]
[Result "1/2-1/2"]
[WhiteElo "2477"]
[BlackElo "2472"]
[Annotator "ChessBase"]
[PlyCount "37"]
[EventDate "2019.01.12"]
[EventType "tourn"]
[EventCountry "NED"]
[SourceTitle "playchess.com"]
[Source "ChessBase"]
[SourceQuality "1"]
[TimeControl "40/6000+30:20/3000+30:900+30"]

1. e4 {[%emt 0:00:00]} c5 {[%emt 0:00:00]} 2. Nf3 {[%emt 0:00:00]} e6 {[%emt 0:00:00]} 3. d4 {[%emt 0:00:00]} cxd4 {[%emt 0:00:00]} 4. Nxd4 {[%emt 0:00:00]} Nc6 {[%emt 0:00:00]} 5. Nc3 {[%emt 0:00:00]} Qc7 {[%emt 0:00:00]} 6. Nb3 {[%emt 0:00:00]} Nf6 {[%emt 0:03:09]} 7. Bd3 {[%emt 0:00:05]} Be7 {[%emt 0:03:27]} 8. O-O {[%emt 0:01:14]} O-O {[%emt 0:01:45]} 9. f4 {[%emt 0:01:01]} d6 {[%emt 0:00:35]} 10. Qe2 {[%emt 0:00:42]} a6 {[%emt 0:03:03]} 11. Kh1 {[%emt 0:01:40]} b5 {[%emt 0:03:36]} 12. a3 {[%emt 0:00:41]} Bb7 {[%emt 0:00:58]} 13. Bd2 {[%emt 0:00:15]} Rac8 {[%emt 0:14:38]} 14. Rae1 {[%emt 0:10:06]} b4 {[%emt 0:00:57]} 15. axb4 {[%emt 0:04:52]} Nxb4 {[%emt 0:00:04]} 16. Nb5 {[%emt 0:07:46]} axb5 {[%emt 0:00:11]} 17. Bxb4 {[%emt 0:00:04]} e5 {[%emt 0:08:08]} 18. Ba5 {[%emt 0:14:32]} Qb8 {[%emt 0:02:21]} 19. fxe5 {[%emt 0:05:08]} 1/2-1/2

[Event "81st Tata Steel Challengers 2019"]
[Site "Wijk aan Zee"]
[Date "2019.01.23"]
[Round "10"]
[White "Kuipers, Stefan"]
[Black "Gledura, Benjamin"]
[Result "1/2-1/2"]
[WhiteElo "2470"]
[BlackElo "2615"]
[Annotator "TA"]
[PlyCount "93"]
[EventDate "2019.01.12"]
[EventType "tourn"]
[EventCountry "NED"]
[SourceTitle "playchess.com"]
[Source "ChessBase"]
[SourceQuality "1"]

{[%evp 21,93,36,32,14,27,10,48,53,52,52,48,54,67,11,7,8,10,5,0,0,0,0,0,0,24,0,0,0,0,0,0,0,0,0,3,0,0,0,0,0,0,0,0,0,0,0,0,0,0,0,0,0,0,0,0,0,0,-8,-8,-8,-8,-8,-8,-8,-8,-8,-8,-8,-8,-8,-8,-8,-8,-8]} 1. e4 c5 2. Nf3 Nc6 3. d4 cxd4 4. Nxd4 e6 5. Nc3 Qc7 6. Be3 a6 7. Qf3 {B48: Sicilian: Taimanov: 5 Nc3 Qc7 6 Be3 a6 without Be2} Bd6 8. O-O-O Be5 9. Nxc6 bxc6 10. Bd4 Nf6 11. Bxe5 Qxe5 {LiveBook: 16 Games} 12. Qe3 Ng4 13. Qe1 {[#]} Rb8 $146 ({Predecessor:} 13... Qc5 14. Rd2 Rb8 {0-1 (40) Timman,J (2593)-Van Kampen,R (2615) Wijk aan Zee 2015}) 14. f3 Nf6 15. Qg3 Qxg3 16. hxg3 d5 17. Bd3 (17. g4 $14) 17... h6 $11 18. g4 Rg8 19. Rhe1 Ke7 20. Na4 a5 21. c4 Rd8 22. b3 Rb4 23. exd5 cxd5 {The position is equal.} 24. cxd5 Nxd5 25. Bc4 {[#] Rxd5 is the strong threat.} Nf4 26. Re5 Rxd1+ 27. Kxd1 Nxg2 28. Ke2 Bd7 29. Rxa5 Bxa4 30. Rxa4 Rxa4 31. bxa4 {[%mdl 4096] Endgame KB-KN} Kd6 32. a5 Kc5 33. a6 Kb6 34. Kd3 g6 {[%cal Bg7g6,Bg6h5,Bh5h4][%mdl 32]} 35. Ke4 h5 36. gxh5 gxh5 37. Bf1 Nh4 38. f4 Nf5 {aiming for ...Ng3+.} 39. Ke5 Ne3 40. Bh3 h4 41. Kf6 Nd5+ 42. Kxf7 Nxf4 43. Bf1 e5 44. Kf6 h3 {[#]} 45. Bxh3 $1 {[%mdl 512]} Nxh3 46. Kxe5 Kxa6 47. Ke4 {Accuracy: White = 77%, Black = 89%.} 1/2-1/2

[Event "81st Tata Steel Challengers 2019"]
[Site "Wijk aan Zee"]
[Date "2019.01.25"]
[Round "11"]
[White "Kovalev, Vladislav"]
[Black "Maghsoodloo, Parham"]
[Result "1-0"]
[WhiteElo "2687"]
[BlackElo "2679"]
[Annotator "TA"]
[PlyCount "135"]
[EventDate "2019.01.12"]
[EventType "tourn"]
[EventCountry "NED"]
[SourceTitle "playchess.com"]
[Source "ChessBase"]
[SourceQuality "1"]

{[%evp 17,134,22,41,20,45,0,14,-14,-6,-17,0,0,0,0,0,-3,0,-9,-10,-23,0,0,0,0,0,0,0,0,0,0,0,0,4,-12,28,-7,-4,-6,0,0,0,0,58,0,0,0,0,0,4,5,6,14,8,0,0,0,0,0,0,0,0,0,0,0,33,33,56,37,258,272,252,248,192,193,295,295,237,295,229,295,281,295,295,294,295,24,24,0,291,288,295,290,276,0,233,0,264,258,488,477,425,383,477,383,29992,29993,29993,29993,29994,29995,29995,29996,29996,29997,29997,29998,29998,29999,29999]} 1. e4 d5 2. exd5 Qxd5 3. Nc3 Qd8 4. d4 Nf6 5. Nf3 g6 6. Bc4 {B01: Scandinavian Defence} (6. Be2 Bg7 7. O-O O-O 8. h3 Nc6 9. Be3 b6 10. Qd2 Bb7 11. Rad1 e6 12. Bh6 Ne7 13. Bxg7 Kxg7 {½-½ (23) Giri,A (2783)-Nakamura,H (2746) St Petersburg 2018}) 6... Bg7 7. O-O O-O 8. h3 a6 9. a4 Nc6 {[%cal Bb8c6,Bc6e7,Be7d5,Bd5f4][%mdl 32] LiveBook: 4 Games} 10. Re1 b6 11. b3 $146 {White wants to play Ba3.} ({Predecessor:} 11. Bg5 Bb7 12. Bb3 h6 13. Bh4 {1-0 (44) Warmerdam,M (2350)-Admiraal,M (2441) chess.com INT 2017}) 11... e6 12. Be3 Bb7 13. Qe2 Ne7 14. Rad1 Qd6 15. Bg5 Ned5 16. Bd2 Nf4 17. Bxf4 $1 Qxf4 18. d5 exd5 19. Nxd5 Nxd5 20. Bxd5 c6 21. Qe7 Rab8 $1 22. Bc4 b5 23. Bf1 c5 24. Qd6 Qf5 $132 {[%mdl 2048] Black has counterplay} 25. Bd3 Qc8 26. Be4 bxa4 {Threatening ...a3.} 27. bxa4 a5 28. Bxb7 Rxb7 29. Ne5 c4 (29... Re8 $11) 30. Nd7 (30. Nc6 $14) 30... Rd8 $11 31. Nf6+ Bxf6 $1 32. Qxf6 Rbd7 33. Rxd7 Qxd7 {[%mdl 4096] Endgame KQR-KQR} 34. Re4 Rc8 35. Re7 Qd1+ $1 36. Kh2 Rf8 37. Qc3 Qd6+ 38. Qe5 Qb4 39. c3 Qxa4 40. f4 Qa3 41. h4 {[%cal Bh3h4,Bh4h5][%mdl 32]} h6 42. h5 $1 {[%cal Rh5g6]} g5 $2 (42... gxh5 $14 43. Qf6 Kh7) 43. fxg5 $18 Qc1 44. gxh6 (44. Qxa5 Qf4+ 45. g3 Qf2+ 46. Kh3 Qf1+ 47. Kh4 Qh1+ 48. Kg4 f5+ 49. gxf6 Qd1+ 50. Kh4 Qh1+ 51. Kg4 Qd1+ 52. Kh4 Qh1+ 53. Kg4 $11) 44... Qxh6 45. Ra7 f5 (45... f6 $142 46. Qf5 Kh8 47. Rxa5 Qe3) 46. Qd5+ Kh8 {[#]} 47. Qd4+ $1 ({Don't do} 47. Rxa5 $6 Qxh5+ 48. Kg1 Qh4 $16) 47... Kg8 48. Qxc4+ Kh8 49. Qd4+ ({Not} 49. Rxa5 Qxh5+ 50. Kg1 Qd1+ 51. Kh2 Qh5+ 52. Kg1 Qd1+ 53. Kh2 Qh5+ $14) 49... Kg8 50. Kg1 Re8 {If Black can now play ...Qc1+ this consolidates a bit.} 51. Qd5+ $2 ({White must play} 51. Rxa5 $18 Qxh5 52. Qd3) 51... Kh8 $1 $11 {( -> ...Re1+)} 52. Qd4+ $2 {[%mdl 8192]} (52. Qd3 $11 Qc1+ 53. Kh2) 52... Kg8 $18 53. Rxa5 Qxh5 54. Qd5+ Kh8 55. Qd4+ Kg8 {intending ...Re1+.} 56. Qd5+ Kh8 $1 57. Qxf5 Qd1+ $2 {[#]} (57... Qxf5 58. Rxf5 Rc8) 58. Kh2 $1 ({Stronger than} 58. Qf1 Re1 $11) 58... Qd6+ 59. g3 {Threatening mate with Qh5+.} Qd2+ 60. Kh3 {Intending Qf6+ and mate.} Qxc3 $2 (60... Qh6+ $18 61. Qh5 Qxh5+ 62. Rxh5+ Kg7) 61. Qh5+ {White mates.} Kg7 62. Rg5+ Kf6 63. Rf5+ Ke6 64. Qf7+ Kd6 65. Rd5+ Kc6 66. Qd7+ Kb6 67. Rb5+ Ka6 68. Qb7# {Precision: White = 61%, Black = 48%.} 1-0

[Event "81st Tata Steel Challengers 2019"]
[Site "Wijk aan Zee"]
[Date "2019.01.25"]
[Round "11"]
[White "Bareev, Evgeny"]
[Black "Paehtz, Elisabeth"]
[Result "1/2-1/2"]
[WhiteElo "2650"]
[BlackElo "2477"]
[Annotator "TA"]
[PlyCount "61"]
[EventDate "2019.01.12"]
[EventType "tourn"]
[EventCountry "NED"]
[SourceTitle "playchess.com"]
[Source "ChessBase"]
[SourceQuality "1"]

{[%evp 9,61,6,8,0,1,4,21,0,0,-18,0,-20,3,-32,-29,-35,-35,-25,-38,-22,-28,-33,-31,-36,-30,-48,-32,-102,28,0,16,-23,0,-102,-94,-96,-100,-110,-101,-104,-89,-107,-53,-50,-56,-50,-70,-543,0,0,0,0,0,0]} 1. g3 Nf6 2. Bg2 d5 3. d3 g6 4. f4 c6 5. Nf3 Qb6 {LiveBook: 7 Games} (5... Bg7 6. O-O O-O 7. c3 Bg4 8. Ne5 Be6 9. Nd2 Nbd7 10. d4 Bf5 11. e3 h5 12. Qe2 Ne4 13. Nxe4 dxe4 14. Nxd7 Qxd7 15. b3 {0-1 (29) Bartel,M (2622)-Malakhov,V (2694) Berlin 2015}) 6. Nc3 {A00: Irregular Openings} (6. Qd2 {with more complications.} Bg7 7. Nc3 Nbd7 8. a4 d4 9. Nd1) 6... Ng4 {White must now prevent ...Qf2+.} 7. d4 Bg7 8. h3 $146 ({Predecessor:} 8. e4 dxe4 9. Nxe4 O-O 10. c3 Nd7 11. Qe2 Ngf6 12. Nxf6+ Nxf6 {0-1 (51) Mayer,F (2343)-Dauenheimer,T (2113) Germany 2006}) 8... Nf6 9. O-O O-O 10. g4 Ne4 11. Nxe4 dxe4 12. Ne5 f6 13. Nc4 Qa6 $1 {[%cal Ra6c4]} 14. b3 {Hoping for f5.} b5 15. Ne3 f5 16. gxf5 gxf5 17. Bb2 c5 18. Kh1 (18. dxc5 $2 Bxb2 19. Rb1 (19. Qd5+ $2 Be6 $19) 19... Bg7 $19) 18... Bb7 (18... cxd4 $1 $17 19. Bxd4 Rd8) 19. Rg1 Qh6 20. Bf1 Kh8 {[%cal Bg8h8,Bh8g7,Bg7f7][%mdl 32]} 21. Rb1 (21. Rxg7 $11 {remains equal.} Kxg7 22. dxc5+ Kf7 23. Qd4 Qxf4 24. Qg7+ Ke8 25. Qxh7 Qxe3 26. Qg6+ Rf7 27. Qg8+ Rf8 28. Qg6+ Rf7 29. Qg8+ Rf8 30. Qg6+) 21... Qxf4 $17 22. Rxg7 Kxg7 23. dxc5+ {[#]} Kf7 $1 ({And not} 23... e5 24. Qd6 $16) 24. Qd4 Rg8 {And now ...Qg3 would win.} 25. Bg2 Nc6 (25... Qg3 $17 {Threatens to win with ...f4.} 26. Rf1 f4) 26. Qd7 $1 $15 Bc8 (26... Qxe3 27. Rf1 $11) 27. Qxc6 Qxe3 28. Qxa8 $4 {[%mdl 8192] [#]} ({White has to play} 28. Rf1 $1 $15 Be6 29. Qxe4) 28... Rxg2 $2 (28... Be6 $1 $19 29. Qc6 (29. Qxa7 Rxg2 30. Kxg2 Qxe2+ 31. Kh1 Qf3+ 32. Kh2 e3 $19) 29... Rxg2 30. Kxg2 Qxe2+ 31. Kg1 Qe3+ 32. Kh1 f4) 29. Kxg2 $11 {The position is equal.} Qxe2+ 30. Kh1 Qf3+ 31. Kh2 {Precision: White = 47%, Black = 65%.} 1/2-1/2

[Event "81st Tata Steel Challengers 2019"]
[Site "Wijk aan Zee"]
[Date "2019.01.25"]
[Round "11"]
[White "L'Ami, Erwin"]
[Black "Keymer, Vincent"]
[Result "1/2-1/2"]
[WhiteElo "2643"]
[BlackElo "2500"]
[Annotator "TA"]
[PlyCount "127"]
[EventDate "2019.01.12"]
[EventType "tourn"]
[EventCountry "NED"]
[SourceTitle "playchess.com"]
[Source "ChessBase"]
[SourceQuality "1"]

{[%evp 22,127,19,22,14,22,36,27,36,35,43,35,39,45,45,38,30,45,33,40,55,63,47,39,31,42,37,20,35,32,39,0,0,0,0,0,7,0,25,0,2,0,0,0,15,0,0,0,18,0,4,7,20,0,0,0,0,1,12,0,0,0,0,2,38,9,16,16,24,0,0,0,0,0,0,0,0,0,0,0,0,0,0,0,0,0,0,0,0,0,0,0,0,0,0,0,0,0,0,0,0,0,0,0,0,0,0,0]} 1. e4 c5 2. Nf3 d6 3. d4 cxd4 4. Nxd4 Nf6 5. Nc3 a6 6. a4 e5 7. Nf3 Be7 8. Bg5 Be6 {B90: Sicilian Najdorf: Unusual White 6th moves, 6 Be3 Ng4 and 6 Be3 e5} 9. Bxf6 Bxf6 10. Nd5 Nd7 11. Bc4 O-O (11... Rc8 12. Qe2 Nb6 13. Nxf6+ Qxf6 14. Bxe6 Qxe6 15. a5 Nd7 16. c3 {1-0 (41) Anand,V (2759)-Grischuk,A (2766) Paris 2018}) 12. O-O {LiveBook: 5 Games} Nb6 13. Bb3 Be7 $146 ({Predecessor:} 13... Rc8 14. Nxf6+ gxf6 15. Nd2 Nc4 16. Nxc4 Bxc4 {1-0 (32) Glek,I (2551)-Van der Stricht,G (2427) Cappelle-la-Grande 2001}) 14. a5 Nd7 15. Nd2 {[%cal Bf3d2,Bd2c4,Bc4b6][%mdl 32]} Rc8 16. Nc4 Nc5 17. Ncb6 Rc6 18. Nb4 Rc7 19. Bd5 Nd7 20. c3 Re8 21. Nxd7 Qxd7 22. Qb3 Bd8 23. Nd3 Bg5 24. Kh1 h5 25. Rad1 h4 26. Bxe6 (26. Ra1 {keeps more tension.} h3 27. g3 Qe7 28. Rae1 Qd7 29. f3) 26... Qxe6 27. Qxe6 fxe6 28. Rfe1 Rd8 29. Kg1 Kf7 30. g3 Bf6 31. Kf1 g5 32. f3 Rc4 33. Nf2 Rc5 34. Ra1 Rd7 35. Ra4 Rdc7 36. Ke2 Rc4 37. Rxc4 Rxc4 $11 {[%mdl 4096] Endgame KRB-KRN} 38. Ra1 Bd8 39. Kd3 Rc7 40. Ng4 Ke8 41. b4 Rf7 42. Ke2 Kd7 43. Rd1 {[#] Black must now prevent Nxe5+.} Kc7 44. c4 Be7 45. b5 Rf8 {The position is equal.} 46. Nf2 axb5 47. cxb5 Ra8 48. Ra1 Kd7 49. Nd3 hxg3 50. hxg3 Bd8 51. a6 bxa6 52. bxa6 Bb6 53. Nf2 Kc6 54. Nh3 Bd8 55. f4 exf4 56. gxf4 gxf4 57. Nxf4 Bf6 58. Ra3 Kb6 59. Rb3+ Kc6 60. Nxe6 Rxa6 61. Nf4 Ra2+ 62. Kf3 Be5 63. Nd3 {[#] Threatens to win with Nb4+.} Ra4 64. Nxe5+ {Accuracy: White = 70%, Black = 76%.} 1/2-1/2

[Event "81st Tata Steel Challengers 2019"]
[Site "Wijk aan Zee"]
[Date "2019.01.25"]
[Round "11"]
[White "Gledura, Benjamin"]
[Black "Esipenko, Andrey"]
[Result "1/2-1/2"]
[WhiteElo "2615"]
[BlackElo "2584"]
[Annotator "TA"]
[PlyCount "95"]
[EventDate "2019.01.12"]
[EventType "tourn"]
[EventCountry "NED"]
[SourceTitle "playchess.com"]
[Source "ChessBase"]
[SourceQuality "1"]

{[%evp 20,95,0,-1,4,12,4,12,4,15,16,12,13,4,4,0,0,0,0,3,6,6,3,0,0,0,0,0,0,0,0,0,0,0,0,0,0,0,0,0,0,0,0,0,0,0,0,0,0,0,0,0,0,0,0,0,0,0,0,0,0,0,0,-4,-4,-4,-4,-4,-4,-4,-4,-4,-4,-4,0,0,0,0]} 1. Nf3 Nf6 2. c4 c5 3. b3 e6 4. Bb2 b6 5. g3 Bb7 6. Bg2 Be7 7. O-O O-O 8. Nc3 d5 9. cxd5 Nxd5 10. d4 Nxc3 11. Bxc3 {The position is equal.} cxd4 {E17: Queen's Indian: 4 g3 Bb7 5 Bg2 Be7} 12. Qxd4 Qxd4 13. Nxd4 Bxg2 14. Kxg2 Rc8 15. Rac1 Nc6 16. Nxc6 Rxc6 17. Be5 Rxc1 18. Rxc1 $11 {[%mdl 4096] Endgame KRB-KRB} f6 {[#]} 19. Bf4 $146 ({Predecessor:} 19. Bd4) 19... e5 20. Be3 Bd6 21. f4 exf4 22. gxf4 Kf7 23. Kf3 Rd8 24. a4 Ke6 25. Rc4 f5 26. Bd4 g6 27. e4 Bc5 28. exf5+ gxf5 29. Bxc5 bxc5 30. Rxc5 {KR-KR} Rd3+ 31. Kg2 Rxb3 32. Re5+ Kf6 33. Ra5 Kg6 34. Rxa7 Kh5 35. h3 Rb2+ 36. Kf3 Rb3+ 37. Ke2 h6 38. Ra5 Rxh3 39. Rxf5+ Kg4 40. Rf8 Ra3 41. f5 Rxa4 42. f6 Kf5 43. f7 {[#] Intending Rg8 and mate.} Ra7 44. Rh8 Re7+ 45. Kd3 Rxf7 46. Rxh6 Rf6 47. Rxf6+ Kxf6 48. Ke4 {Accuracy: White = 78%, Black = 93%.} 1/2-1/2

[Event "81st Tata Steel Challengers 2019"]
[Site "Wijk aan Zee"]
[Date "2019.01.25"]
[Round "11"]
[White "Chigaev, Maksim"]
[Black "Korobov, Anton"]
[Result "1/2-1/2"]
[WhiteElo "2604"]
[BlackElo "2699"]
[Annotator "TA"]
[PlyCount "50"]
[EventDate "2019.01.12"]
[EventType "tourn"]
[EventCountry "NED"]
[SourceTitle "playchess.com"]
[Source "ChessBase"]
[SourceQuality "1"]

{[%evp 12,50,46,39,52,47,32,26,47,32,46,13,37,25,46,0,19,18,19,0,0,0,0,5,80,74,89,0,0,0,0,0,0,0,0,0,0,0,0,0,8]} 1. e4 c5 2. Nf3 d6 3. d4 cxd4 4. Nxd4 Nf6 5. Nc3 a6 6. Be3 Nbd7 7. f3 h5 {B90: Sicilian Najdorf: Unusual White 6th moves, 6 Be3 Ng4 and 6 Be3 e5} 8. Qd2 e6 9. Bc4 (9. a4 b6 10. Bc4 Qc7 11. Bxe6 fxe6 12. Nxe6 Qc4 13. Nxf8 Rxf8 14. Qxd6 Kf7 15. O-O-O {1-0 (28) Morozevich,A (2665)-Fedoseev,V (2724) Moscow 2018}) 9... Ne5 {White has an edge.} 10. Bb3 b5 11. a4 b4 12. Na2 a5 $146 ({Predecessor:} 12... d5 13. exd5 Nxd5 14. Bg5 f6 15. Bh4 {1-0 (37) Smeets,J (2550)-Bosboom,M (2402) Netherlands 2006}) 13. c3 d5 14. exd5 Nxd5 15. Bxd5 Qxd5 16. Nb5 $1 {[%cal Rb5c7]} Qxd2+ $1 17. Bxd2 {Strongly threatening Nc7+.} Ba6 (17... Kd7 $11 {remains equal.}) 18. Nc7+ $16 {[%mdl 64] [#] Double Attack} Kd7 19. Nxa6 (19. Nxa8 $16 {aiming for Be3.} Nd3+ 20. Kd1) 19... Rxa6 $11 {The position is equal.} 20. cxb4 axb4 21. b3 Bd6 22. Rd1 Ke7 23. Bxb4 Bxb4+ 24. Nxb4 Rb6 25. Nd3 Nxd3+ {Accuracy: White = 49%, Black = 68%.} 1/2-1/2